Liedtext - Dieses Leben - Juli - Statistiken

Allgemein
  • Dieses Quiz wurde 103 mal gespielt
  • Das Durchschnittsergebnis liegt bei 206 aus 284
Antwortstatistiken
Textquiz % Korrekt
die
100%
Leben
98%
Diese
97%
diese
97%
dieses
97%
Ich
93%
ich
93%
liebe
93%
den
88%
in
81%
und
81%
Und
81%
das
79%
dem
78%
man
78%
Moment
76%
ist
71%
nich'
71%
nicht
71%
Sie
69%
sie
69%
Tag
69%
diesen
67%
Mir
67%
mir
67%
Denn
66%
mein
66%
Welt
66%
wir
64%
bin
60%
wenn
60%
Wenn
60%
Wo
59%
auf
57%
fällt
57%
Was
57%
meine
55%
mich
55%
all
50%
sind
48%
alle
47%
geh'
47%
her
47%
Nacht
47%
aus
45%
Aus
45%
geb'
45%
kalt
43%
mehr
43%
meiner
43%
schwer
43%
sein
43%
Auch
41%
auch
41%
Doch
41%
geh'n
41%
hin
41%
gib
40%
Weiß
40%
Weg
38%
gibt
36%
leer
34%
grau
33%
Herz
31%
seh'
31%
soll
31%
hält
29%
Schmerz
29%
wohin
29%
Nimm
28%
nimm
28%
fest
24%
großen
24%
Lichter
24%
wach'
22%
Helden
21%
letzten
21%
bald
19%
Hand
17%
Hoffnung
17%
fallen
16%
Kraft
16%
gefangen
14%
Keine übereinstimmenden Quizze gefunden
Verteilung der Resultate
Anzahl Personen mit jedem Resultat
Perzentil nach korrekt beantworteten Fragen
Ihre Resultats-Entwicklung
Sie haben dieses Quiz noch nicht gespielt